Overseas investors are regions' best hope (Record no. 83027)
[ view plain ]
| 000 -LEADER | |
|---|---|
| fixed length control field | 01143cab a22002055a 4500 |
| 001 - CONTROL NUMBER | |
| control field | L152615 |
| 008 - FIXED-LENGTH DATA ELEMENTS--GENERAL INFORMATION | |
| fixed length control field | 110405e20110401xxk 000 0 eng d |
| 035 ## - SYSTEM CONTROL NUMBER | |
| System control number | (Sirsi) u152615 |
| 041 0# - LANGUAGE CODE | |
| Language code of text/sound track or separate title | eng |
| 100 1# - MAIN ENTRY--PERSONAL NAME | |
| Personal name | Phillips, Mike |
| 245 00 - TITLE STATEMENT | |
| Title | Overseas investors are regions' best hope |
| 260 ## - PUBLICATION, DISTRIBUTION, ETC. | |
| Date of publication, distribution, etc. | 2011 |
| 490 #0 - SERIES STATEMENT | |
| Series statement | Property Week |
| Volume/sequential designation | 77(13) 1 April 2011, 26(1) |
| 520 ## - SUMMARY, ETC. | |
| Summary, etc. | A new CoStar report predicts that the UK's regional commercial property markets have reached a tipping point and that foreign investors could bring the provinces out of the doldrums. A slow improvement in investor activity in 2010 has continued in the first three months of 2011. Regional office transactions in 2010 reached £3.5bn (£3bn in 2009). Costar forecasts strong regional rental gains over the next five years, averaging 19% across regional office and 14% across retail markets. The London market remains propped up by foreign capital. |
| 590 ## - LOCAL NOTE (RLIN) | |
| Local note | KA |
| 651 #4 - SUBJECT ADDED ENTRY--GEOGRAPHIC NAME | |
| Geographic name | United Kingdom |
| Chronological subdivision | |
| 690 ## - LOCAL SUBJECT ADDED ENTRY--TOPICAL TERM (OCLC, RLIN) | |
| Topical term or geographic name as entry element | PROPERTY-COMMERCIAL PROPERTY-COMMERCIAL PROPERTY MARKET |
| 690 ## - LOCAL SUBJECT ADDED ENTRY--TOPICAL TERM (OCLC, RLIN) | |
| Topical term or geographic name as entry element | PROPERTY-COMMERCIAL PROPERTY-COMMERCIAL PROPERTY FINANCE AND INVESTMENT |
| 942 ## - ADDED ENTRY ELEMENTS (KOHA) | |
| Suppress in OPAC | 0 |
| Withdrawn status | Lost status | Source of classification or shelving scheme | Damaged status | Not for loan | Home library | Current library | Shelving location | Date acquired | Total Checkouts | Full call number | Barcode | Date last seen | Copy number | Price effective from | Koha item type |
|---|---|---|---|---|---|---|---|---|---|---|---|---|---|---|---|
| Dewey Decimal Classification | London | London | Journal article | 05/04/2011 | L152615 | 152615-1001 | 06/08/2019 | 1 | 06/08/2019 | Journal article |